000 00521nam a2200169 a 4500
001 5724
003 CO-ViMGA
008 141112s2004 ck r 000 u spa d
040 _aCO-ViMGA
_bspa
_cCO-ViMGA
082 0 4 _a341.758 A535
100 1 _aAleman, Marco Matías
_94190
245 1 0 _aMarcas :
_bnormatividad de subregional sobre marcas de productos y servicios
260 _aBogotá :
_bTop management international,
_c199 -
300 _a157 p
650 1 4 _aMARCAS DE PROPIEDAD - LEGISLACION
_94191
942 _2ddc
_cBK
999 _c17705
_d17705